| 000 | 00557nam a22001697a 4500 | ||
|---|---|---|---|
| 003 | NUST | ||
| 038 | _aNusrat Nadeem | ||
| 082 | _a200 | ||
| 100 |
_aMahmood, Ayesha _916934 |
||
| 245 |
_aSome Exact Solutions of the Einstein–Maxwell Field Equations in Spherical Geometry/ _cAyesha Mahmood |
||
| 264 |
_aIslamabad; _bSNS NUST; _c2022; |
||
| 300 |
_a115,p; _bill; _c30,cm. |
||
| 650 |
_aPhD-Mathematics _9123169 |
||
| 700 |
_aSupervisor Prof. Azad Akhter Siddiqui _9123720 |
||
| 856 | _uhttp://10.250.8.41:8080/xmlui/handle/123456789/3260 | ||
| 942 |
_2ddc _cSC |
||
| 999 |
_c609812 _d609812 |
||